00628nam a22001217a 4500082001200000100009300012245012200105260008500227300001300312500005500325536004600380650008000426 aRR.0352 aRao, D. PullauDepartment of Economics, Andhra UniversityvVisakhapatnam, Andhra Pradesh aEducational Status of Scheduled Castes in Costal Region of Andhra Pradesh:bAttainments and Challenges/cD. Pulla Rao aVisakhapatnam, Andhra Pradesh:bIndian Council of Social Science Research,c2014 av, 426p. aIncluded Bibliographical References and Appendices aIndian Council of Social Science Research aScheduled castes (India)aCoastal RegionxCaste--South AsiazAndhra Pradesh